01128nam a2200253 i 4500001000700000003000900007005001700016007000300033008004100036100003300077245015400110260003800264300002800302490003800330505015700368700003700525700003100562700003300593710003500626830004600661852002400707999001900731952012400750148802ES-MaACL20250707074238.0t|070214m19481952po r ||||1| por d1 aSuárez, Francisco.910856010aConselhos e pareceres / cFrancisco Suárez, Doctor Eximius ; [edición preparada por Manuel Lopes de Almeida, Mario Brandao, Joaquim de Carvalho]. aCoimbra : bUniversidade, c1948. a2 t. en 3 v. ; c26 cm.1 aActa Universitatis Conimbrigensis8 aContiene: Consilia Moralis Doctoris Francisco Suares Granatensis e Societati Jesu iu Regali Conimbricensi Academia Sacrae Theologiae Primario Professore1 aLopes de Almeida, Manuel.9732891 aBrandão, Mário.9313301 aCarvalho, Joaquim de.9359612 aUniversidade de Coimbra.9746100aActa Universitatis Conimbrigensis9181764 aES-MaACLjP-653-Bis c148802d148802 00104070aATENEOMbATENEOMcDEPO2d2008-01-17eSCl0oP-653-Bisp1155284r2023-02-23 00:00:00w2023-02-23yMONOGRAFIA